<?xml version="1.0" encoding="UTF-8"?>
<record
    xmlns:xsi="http://www.w3.org/2001/XMLSchema-instance"
    xsi:schemaLocation="http://www.loc.gov/MARC21/slim http://www.loc.gov/standards/marcxml/schema/MARC21slim.xsd"
    xmlns="http://www.loc.gov/MARC21/slim">

  <leader>03101cam a22004934i 4500</leader>
  <controlfield tag="003">PE-LiUPU</controlfield>
  <controlfield tag="005">20250731165558.0</controlfield>
  <controlfield tag="008">150625s                r     000 0     d</controlfield>
  <datafield tag="035" ind1=" " ind2=" ">
    <subfield code="a">(Sirsi) a36866</subfield>
  </datafield>
  <datafield tag="035" ind1=" " ind2=" ">
    <subfield code="a">(Sirsi) a36866</subfield>
  </datafield>
  <datafield tag="040" ind1=" " ind2=" ">
    <subfield code="a">PE-LiUPU</subfield>
    <subfield code="b">spa</subfield>
    <subfield code="c">PE-LiUPU</subfield>
    <subfield code="e">rda</subfield>
  </datafield>
  <datafield tag="082" ind1="0" ind2="4">
    <subfield code="a">985.04</subfield>
    <subfield code="b">D</subfield>
    <subfield code="2">23</subfield>
  </datafield>
  <datafield tag="245" ind1="0" ind2="0">
    <subfield code="a">Memorias, diarios y cronicas :</subfield>
    <subfield code="n">Volumen 2. /</subfield>
    <subfield code="c">recopilaci&#xF3;n y pr&#xF3;logo de F&#xE9;lix Denegri Luna.</subfield>
  </datafield>
  <datafield tag="264" ind1=" " ind2="1">
    <subfield code="a">Lima :</subfield>
    <subfield code="b">Comisi&#xF3;n Nacional del Sesquicentenario de la Independencia del Per&#xFA;,</subfield>
    <subfield code="c">[1971].</subfield>
  </datafield>
  <datafield tag="300" ind1=" " ind2=" ">
    <subfield code="a">599 p&#xE1;ginas ;</subfield>
    <subfield code="c">24 cent&#xED;metros.</subfield>
  </datafield>
  <datafield tag="336" ind1=" " ind2=" ">
    <subfield code="a">text</subfield>
    <subfield code="2">rdacontent</subfield>
  </datafield>
  <datafield tag="337" ind1=" " ind2=" ">
    <subfield code="a">unmediated</subfield>
    <subfield code="2">rdamedia</subfield>
  </datafield>
  <datafield tag="338" ind1=" " ind2=" ">
    <subfield code="a">volume</subfield>
    <subfield code="2">rdacarrier</subfield>
  </datafield>
  <datafield tag="490" ind1="0" ind2=" ">
    <subfield code="a">Colecci&#xF3;n Documental de la Independencia del Per&#xFA; ;</subfield>
    <subfield code="v">26</subfield>
  </datafield>
  <datafield tag="500" ind1=" " ind2=" ">
    <subfield code="a">"A&#xF1;o del sesquicentenario de la Independencia Nacional"</subfield>
  </datafield>
  <datafield tag="505" ind1=" " ind2=" ">
    <subfield code="a">Francisco Javier Mari&#xE1;tegui. Anotaciones a la historia del Per&#xFA; independiente de don Mariano Felipe Paz Sold&#xE1;n (1819-1822) -- Compendio de las campa&#xF1;as del ej&#xE9;rcito de los andes por el coronel Jos&#xE9; Mar&#xED;a Aguirre -- Rudecindo Alvarado. Memoria Hist&#xF3;rico-biogr&#xE1;fica -- Jos&#xE9; de San Mart&#xED;n. Apuntes biogr&#xE1;ficos -- TORIBIO DE LUZURIAGA. MEMORIA CON DOCUMENTOS HISTORICOS SOBRE LOS SUCESOS DE CUYO EN 1820 Y CAMPANAS DEL PERU Y GUAYAQUIL EN 1820 Y 1821 -- APUNTES HISTORICOS SOBRE LA EXPEDICION LIBERTADORA DEL PERU EN 1820 POR EL CORONEL GERONIMO ESPEJO AYUDANTE (ANTIGUO DEL ESTADO MAYOR DEL EJERCITO DE LOS ANDES) -- ANTONIO ALVAREZ JONTE. DIARIO GENERAL DE LOS ACONTECIMIENTOS MAS NOTABLES DE LA ESCUADRA NACIONAL DE CHILE DESDE LA NOCHE DEL 14 DE ENERO DE 1819 EN QUE ZARPO DE VALPARAISO &#x2013; ANONIMO. DIARIO MILITAR DE LAS OPERACIONES DEL EJERCITO LIBERTADOR (18 DE AGOSTO - 4 DE OCTUBRE DE 1820) -- R. M., DIARIO DE LAS COSAS NOTABLES ACAECIDAS EN LIMA CON MOTIVO DE LA LLEGADA DEL EJERCITO DE LA PATRIA, AL MANDO DEL GENERAL EN JEFE. EXCELENTISIMO SE&#xD1;OR DON JOSE E SAN MARTIN, DESDE EL PASADO A&#xD1;O DE 1820 &#x2013; ANONIMO. DIARIO DE LA EXPEDICION LIBERTADORA, DESDE SU REEMBARQUE EN EL PUERTO DE PISCO HASTA EL CAMPAMENTO DE RETES -- JUAN GREGORIO DE LAS HERAS. DIARIO DEL EJERCITO LIBERTADOR DEL PERU -- JAMES PAROISSIEN. ANOTACIONES PARA UN DIARIO (AGOSTO 18 DE 1820 - MARZO 19 DE 1821).</subfield>
  </datafield>
  <datafield tag="526" ind1=" " ind2=" ">
    <subfield code="a">SEG44</subfield>
  </datafield>
  <datafield tag="526" ind1=" " ind2=" ">
    <subfield code="a">SEG26</subfield>
  </datafield>
  <datafield tag="526" ind1=" " ind2=" ">
    <subfield code="a">P151</subfield>
  </datafield>
  <datafield tag="526" ind1=" " ind2=" ">
    <subfield code="a">P150</subfield>
  </datafield>
  <datafield tag="526" ind1=" " ind2=" ">
    <subfield code="a">P149</subfield>
  </datafield>
  <datafield tag="526" ind1=" " ind2=" ">
    <subfield code="a">P146</subfield>
  </datafield>
  <datafield tag="526" ind1=" " ind2=" ">
    <subfield code="a">P145</subfield>
  </datafield>
  <datafield tag="526" ind1=" " ind2=" ">
    <subfield code="a">P126</subfield>
  </datafield>
  <datafield tag="526" ind1=" " ind2=" ">
    <subfield code="a">P125</subfield>
  </datafield>
  <datafield tag="526" ind1=" " ind2=" ">
    <subfield code="a">P92</subfield>
  </datafield>
  <datafield tag="526" ind1=" " ind2=" ">
    <subfield code="a">P75</subfield>
  </datafield>
  <datafield tag="526" ind1=" " ind2=" ">
    <subfield code="a">P74</subfield>
  </datafield>
  <datafield tag="526" ind1=" " ind2=" ">
    <subfield code="a">P27</subfield>
  </datafield>
  <datafield tag="526" ind1=" " ind2=" ">
    <subfield code="a">P15</subfield>
  </datafield>
  <datafield tag="650" ind1="0" ind2="4">
    <subfield code="a">Libertadores</subfield>
    <subfield code="x">Diarios</subfield>
    <subfield code="z">Per&#xFA;.</subfield>
  </datafield>
  <datafield tag="651" ind1=" " ind2=" ">
    <subfield code="a">Per&#xFA;</subfield>
    <subfield code="x">Historia</subfield>
    <subfield code="y">Emancipaci&#xF3;n, 1808-1824</subfield>
    <subfield code="v">Documentos.</subfield>
  </datafield>
  <datafield tag="700" ind1="1" ind2=" ">
    <subfield code="a">Denegri Luna, F&#xE9;lix,</subfield>
    <subfield code="d">1919-1998,</subfield>
    <subfield code="e">compilador.</subfield>
  </datafield>
  <datafield tag="710" ind1="2" ind2=" ">
    <subfield code="a">.Comisi&#xF3;n Nacional del Sesquicentenario de la Independencia del Per&#xFA;</subfield>
  </datafield>
  <datafield tag="942" ind1=" " ind2=" ">
    <subfield code="2">ddc</subfield>
    <subfield code="c">BK</subfield>
  </datafield>
  <datafield tag="949" ind1=" " ind2=" ">
    <subfield code="a">RC 985.04 D 26 / 2</subfield>
    <subfield code="w">DEWEY</subfield>
    <subfield code="c">1</subfield>
    <subfield code="i">17051</subfield>
    <subfield code="l">RC</subfield>
    <subfield code="m">BUL</subfield>
    <subfield code="r">0</subfield>
    <subfield code="s">Y</subfield>
    <subfield code="t">BOOK</subfield>
    <subfield code="u">2015-6-25</subfield>
    <subfield code="x">BIBLIOTECA</subfield>
    <subfield code="z">UNKNOWN</subfield>
    <subfield code="0">COMPRA</subfield>
    <subfield code="o">.CIRCNOTE. No olvidar cambiar la fecha de devoluci&#xF3;n!!!!!!!</subfield>
    <subfield code="o">.STAFF. Colecci&#xF3;n General</subfield>
  </datafield>
  <datafield tag="999" ind1=" " ind2=" ">
    <subfield code="c">44985</subfield>
    <subfield code="d">44985</subfield>
  </datafield>
  <datafield tag="980" ind1=" " ind2=" ">
    <subfield code="8">1</subfield>
    <subfield code="g">ALBERTO SANCHEZ Responsable de Automatizaci&#xF3;n</subfield>
  </datafield>
  <datafield tag="952" ind1=" " ind2=" ">
    <subfield code="r">2025-12-02 00:00:00</subfield>
    <subfield code="i">6</subfield>
    <subfield code="l">0</subfield>
    <subfield code="o">RC 985.04 D</subfield>
    <subfield code="p">17051</subfield>
    <subfield code="t">e1</subfield>
    <subfield code="w">2015-06-25</subfield>
    <subfield code="x">FACIHED</subfield>
    <subfield code="y">REF</subfield>
    <subfield code="1">0</subfield>
    <subfield code="2">ddc</subfield>
    <subfield code="3">t26, v2</subfield>
    <subfield code="5">0</subfield>
    <subfield code="7">1</subfield>
    <subfield code="8">REF</subfield>
    <subfield code="f">P14</subfield>
    <subfield code="a">BUL</subfield>
    <subfield code="b">BUL</subfield>
    <subfield code="c">REF</subfield>
    <subfield code="d">2015-06-25</subfield>
    <subfield code="e">COMPRA</subfield>
  </datafield>
</record>
